[Event "Valby K41 Autumn-C"]
[Site "Valby"]
[Date "2010.09.07"]
[Round "1"]
[White "Mikkelsen, Henning Peter"]
[Black "Christensen, Aage Niels"]
[Result "1/2-1/2"]
[WhiteElo "1577"]
[BlackElo "1531"]
[PlyCount "55"]
[EventDate "2010.09.07"]
[EventType "tourn"]
[EventRounds "7"]
[EventCountry "DEN"]
[SourceTitle "EXT 2023"]
[Source "ChessBase"]
[SourceDate "2022.10.05"]
[SourceVersion "1"]
[SourceVersionDate "2022.10.05"]
[SourceQuality "1"]

1. c4 Nf6 2. Nc3 g6 3. d4 d5 4. Nf3 Bg7 5. Bf4 0-0 6. e3 c5 7. Qc2 Nc6 8. cxd5 Nb4 9. Qd2 cxd4 10. Nxd4 Nfxd5 11. Bg3 e5 12. Nf3 Nxc3 13. bxc3 Qxd2+ 14. Kxd2 Rd8+ 15. Ke2 Nc6 16. e4 Be6 17. Ke1 a6 18. Ng5 Bc8 19. Bc4 Rd7 20. h4 h6 21. Nh3 Rd6 22. f3 Be6 23. Bb3 Rad8 24. Nf2 Bxb3 25. axb3 Rd2 26. Rd1 Rxd1+ 27. Nxd1 Na5 28. b4 1/2-1/2

[Event "Valby K41 Spring-C"]
[Site "Valby"]
[Date "2010.04.13"]
[Round "5"]
[White "Mikkelsen, Henning Peter"]
[Black "Gjelstrup, Ole"]
[Result "0-1"]
[WhiteElo "1351"]
[BlackElo "1472"]
[PlyCount "80"]
[EventDate "2010.03.09"]
[EventType "swiss"]
[EventRounds "7"]
[EventCountry "DEN"]
[SourceTitle "EXT 2023"]
[Source "ChessBase"]
[SourceDate "2022.10.05"]
[SourceVersion "1"]
[SourceVersionDate "2022.10.05"]
[SourceQuality "1"]

1. d4 d5 2. e4 dxe4 3. Nc3 f5 4. f3 e5 5. fxe4 exd4 6. Nd5 Qh4+ 7. Kd2 Bd6 8. Nf3 Qf2+ 9. Be2 fxe4 10. Rf1 Qxg2 11. Nxd4 Qg5+ 12. Ne3 Bf4 13. Rxf4 Qxf4 14. Qg1 g6 15. Kc3 Bd7 16. Nd5 Qd6 17. Qg5 Bc6 18. Nf4 Ne7 19. Bc4 Na6 20. a3 0-0-0 21. Be3 Nd5+ 22. Nxd5 Bxd5 23. Bf4 Qc5 24. b3 Bxc4 25. Qxc5 Nxc5 26. bxc4 c6 27. Be3 Nd7 28. Rb1 Rde8 29. Rf1 Rhf8 30. Rg1 Ne5 31. Rg3 Nf3 32. Ne2 Nxh2 33. Bxa7 Nf1 34. Rh3 Rf3+ 35. Rxf3 exf3 36. Ng1 Nh2 37. Bf2 g5 38. Nh3 g4 39. Ng5 Re2 40. Bg3 f2 0-1

[Event "Valby K41 Autumn-B"]
[Site "Valby"]
[Date "2009.10.20"]
[Round "6"]
[White "Mikkelsen, Henning Peter"]
[Black "Mouritsen, Jan"]
[Result "0-1"]
[WhiteElo "1400"]
[BlackElo "1719"]
[PlyCount "108"]
[EventDate "2009.09.08"]
[EventType "swiss"]
[EventRounds "7"]
[EventCountry "DEN"]
[SourceTitle "EXT 2023"]
[Source "ChessBase"]
[SourceDate "2022.10.05"]
[SourceVersion "1"]
[SourceVersionDate "2022.10.05"]
[SourceQuality "1"]

1. d4 d5 2. e4 e6 3. Nc3 Nf6 4. Bg5 Be7 5. Nf3 dxe4 6. Ne5 0-0 7. f3 exf3 8. Nxf3 Nbd7 9. Bd3 h6 10. Bd2 b6 11. Qe2 Bb7 12. a3 c5 13. Ne4 Nxe4 14. Bxe4 Bxe4 15. Qxe4 Nf6 16. Qh4 cxd4 17. 0-0-0 d3 18. c3 Qd5 19. Kb1 Qe4 20. Qh3 Qg4 21. Rhg1 Rac8 22. Ne5 Qxh3 23. gxh3 Kh7 24. Nxd3 Rfd8 25. Ne5 Bc5 26. Rgf1 Kg8 27. Kc2 Bd4 28. Bf4 Bxe5 29. Bxe5 Rxd1 30. Kxd1 Nd5 31. Ke2 Rc4 32. Bg3 Rc5 33. Be5 f6 34. Bd4 Rc6 35. Bg1 e5 36. h4 Nf4+ 37. Kf3 Rd6 38. Be3 Ng6 39. Kg4 Kf7 40. h5 Ne7 41. Rc1 Rd3 42. Kf3 f5 43. Ke2 e4 44. Bf4 Nd5 45. Bb8 f4 46. c4 f3+ 47. Ke1 Ne3 48. Bxa7 Ng2+ 49. Kf1 Rb3 50. c5 bxc5 51. Bxc5 Rxb2 52. Bd4 Rd2 53. Rc7+ Ke6 54. Bf2 Rd1+ 0-1

[Event "Valby K41 Spring-C"]
[Site "Valby"]
[Date "2009.03.31"]
[Round "3"]
[White "Gjelstrup, Ole"]
[Black "Mikkelsen, Henning Peter"]
[Result "1-0"]
[WhiteElo "1347"]
[BlackElo "1337"]
[PlyCount "131"]
[EventDate "2009.03.17"]
[EventType "swiss"]
[EventRounds "7"]
[EventCountry "DEN"]
[SourceTitle "EXT 2023"]
[Source "ChessBase"]
[SourceDate "2022.10.05"]
[SourceVersion "1"]
[SourceVersionDate "2022.10.05"]
[SourceQuality "1"]

1. e4 c5 2. d4 cxd4 3. c3 dxc3 4. Nxc3 g6 5. Bg5 Bg7 6. Qd2 h6 7. Be3 Nf6 8. Nf3 Nc6 9. Bc4 e6 10. 0-0 Ng4 11. Bc5 h5 12. Nb5 d5 13. Nd6+ Kd7 14. exd5 exd5 15. Qxd5 Ne7 16. Bb5+ Kc7 17. Ne8+ Rxe8 18. Bd6+ Qxd6 19. Qxd6+ Kxd6 20. Rad1+ Nd5 21. Bxe8 Be6 22. Ba4 Ke7 23. Rfe1 Kf6 24. Bb3 Nf4 25. Re4 g5 26. Bc2 Rc8 27. Bb1 b5 28. h3 Nh6 29. h4 Nh3+ 30. gxh3 g4 31. Ng5 gxh3 32. Nxe6 fxe6 33. Rde1 Rc6 34. Re5 Nf5 35. Rxb5 Nxh4 36. Be4 Rc4 37. Rxh5 Ng2 38. Bxg2 hxg2 39. Kxg2 Rg4+ 40. Kf3 Rb4 41. b3 Kg6 42. Ra5 e5 43. Rxa7 Rf4+ 44. Kg3 Bf6 45. Re2 Bh4+ 46. Kg2 Rg4+ 47. Kh3 Rf4 48. Rxe5 Bxf2 49. Ra6+ Kf7 50. Rh5 Bd4 51. Rh7+ Kg8 52. Rd7 Bg7 53. Raa7 Bf8 54. Kg3 Rb4 55. Rdb7 Rxb7 56. Rxb7 Bd6+ 57. Kf3 Kf8 58. a4 Ke8 59. a5 Kd8 60. Ke4 Kc8 61. a6 Bc5 62. b4 Bg1 63. Rg7 Bb6 64. Kd5 Bc7 65. Kc6 Bd8 66. a7 1-0

[Event "Valby K41 Spring-C"]
[Site "Valby"]
[Date "2009.03.17"]
[Round "1"]
[White "Mikkelsen, Henning Peter"]
[Black "Christensen, Aage Niels"]
[Result "1/2-1/2"]
[WhiteElo "1337"]
[BlackElo "1501"]
[PlyCount "68"]
[EventDate "2009.03.17"]
[EventType "swiss"]
[EventRounds "7"]
[EventCountry "DEN"]
[SourceTitle "EXT 2023"]
[Source "ChessBase"]
[SourceDate "2022.10.05"]
[SourceVersion "1"]
[SourceVersionDate "2022.10.05"]
[SourceQuality "1"]

1. c4 e5 2. Nc3 Nc6 3. Nf3 Nf6 4. d3 d5 5. cxd5 Nxd5 6. a3 Be7 7. g3 0-0 8. Bg2 Be6 9. 0-0 f5 10. e3 Kh8 11. Qc2 Bf6 12. Ne2 Qe7 13. e4 fxe4 14. dxe4 Nb6 15. b4 Qf7 16. Ng5 Bxg5 17. Bxg5 h6 18. Be3 Nc4 19. Bc1 Rad8 20. f4 Qd7 21. f5 Nd4 22. Qa2 Nxe2+ 23. Qxe2 Qd4+ 24. Kh1 Bg8 25. Ra2 Qd3 26. Qf2 Rf6 27. Re2 Rfd6 28. g4 Qb3 29. Qh4 Rd1 30. f6 Rxf1+ 31. Bxf1 Qf3+ 32. Bg2 Rd1+ 33. Re1 Rxe1+ 34. Qxe1 Qxf6 1/2-1/2

[Event "Valby K41 Autumn-C"]
[Site "Valby"]
[Date "2008.10.21"]
[Round "6"]
[White "Mikkelsen, Henning Peter"]
[Black "Gjelstrup, Ole"]
[Result "1-0"]
[WhiteElo "1382"]
[BlackElo "1425"]
[PlyCount "57"]
[EventDate "2008.09.09"]
[EventType "tourn"]
[EventRounds "7"]
[EventCountry "DEN"]
[SourceTitle "EXT 2023"]
[Source "ChessBase"]
[SourceDate "2022.10.05"]
[SourceVersion "1"]
[SourceVersionDate "2022.10.05"]
[SourceQuality "1"]

1. d4 d5 2. c4 e6 3. Nc3 Nf6 4. Nf3 Nbd7 5. e3 c6 6. Bd3 dxc4 7. Bxc4 Bb4 8. 0-0 0-0 9. Qc2 Re8 10. Ne4 h6 11. a3 Bf8 12. Ng3 Qc7 13. b4 Bd6 14. e4 e5 15. Bb2 exd4 16. Bxd4 Ne5 17. Be2 Bg4 18. Nh4 Rad8 19. Rad1 a5 20. f3 Bc8 21. f4 Neg4 22. e5 Bxe5 23. fxe5 Nd5 24. Qb3 Nxe5 25. Ngf5 axb4 26. Qg3 f6 27. Nxh6+ Kh7 28. Bxe5 Qxe5 29. Qg6+ 1-0

[Event "Valby K41 Autumn-C"]
[Site "Valby"]
[Date "2008.09.30"]
[Round "4"]
[White "Mikkelsen, Henning Peter"]
[Black "Kristensen, Steffen Michael"]
[Result "1-0"]
[WhiteElo "1382"]
[BlackElo "1256"]
[PlyCount "43"]
[EventDate "2008.09.09"]
[EventType "tourn"]
[EventRounds "7"]
[EventCountry "DEN"]
[SourceTitle "EXT 2023"]
[Source "ChessBase"]
[SourceDate "2022.10.05"]
[SourceVersion "1"]
[SourceVersionDate "2022.10.05"]
[SourceQuality "1"]

1. e4 e5 2. Nf3 Nc6 3. Bb5 a6 4. Ba4 Nf6 5. 0-0 b5 6. Bb3 Bc5 7. c3 0-0 8. Re1 h6 9. d4 exd4 10. cxd4 Bb4 11. Nc3 Bb7 12. a3 Ba5 13. Nh4 d5 14. Re3 Bxc3 15. bxc3 Na5 16. Bc2 Nc4 17. Rh3 Nxe4 18. Nf5 Ng5 19. Nxh6+ gxh6 20. Rxh6 Kg7 21. Qh5 Qe7 22. Bxg5 1-0

[Event "Valby K41 Autumn-C"]
[Site "Valby"]
[Date "2008.09.16"]
[Round "2"]
[White "Mikkelsen, Henning Peter"]
[Black "Christensen, Aage Niels"]
[Result "0-1"]
[WhiteElo "1382"]
[BlackElo "1422"]
[PlyCount "60"]
[EventDate "2008.09.09"]
[EventType "tourn"]
[EventRounds "7"]
[EventCountry "DEN"]
[SourceTitle "EXT 2023"]
[Source "ChessBase"]
[SourceDate "2022.10.05"]
[SourceVersion "1"]
[SourceVersionDate "2022.10.05"]
[SourceQuality "1"]

1. d4 Nf6 2. Nc3 d5 3. e4 dxe4 4. f3 exf3 5. Qxf3 c6 6. Be3 g6 7. Bc4 e6 8. Nge2 Bg7 9. 0-0 Qd7 10. Rad1 Nd5 11. Bg5 0-0 12. Ne4 f6 13. Bc1 b6 14. Nf4 Ba6 15. Bxa6 Nxa6 16. c4 Nxf4 17. Qxf4 Rad8 18. Be3 Nc7 19. Qh4 Ne8 20. Rf3 Rf7 21. Rdf1 Bh8 22. Rg3 Qe7 23. Qh6 Nd6 24. Rxg6+ hxg6 25. Qxg6+ Kf8 26. Bh6+ Ke8 27. Qg8+ Kd7 28. Nxf6+ Rxf6 29. Qg4 Rxf1+ 30. Kxf1 Qf6+ 0-1

[Event "Valby K41 Spring-B"]
[Site "Valby"]
[Date "2008.04.22"]
[Round "4"]
[White "Kristensen, Steffen Michael"]
[Black "Mikkelsen, Henning Peter"]
[Result "0-1"]
[WhiteElo "1139"]
[BlackElo "1357"]
[PlyCount "38"]
[EventDate "2008.03.25"]
[EventType "swiss"]
[EventRounds "7"]
[EventCountry "DEN"]
[SourceTitle "EXT 2023"]
[Source "ChessBase"]
[SourceDate "2022.10.05"]
[SourceVersion "1"]
[SourceVersionDate "2022.10.05"]
[SourceQuality "1"]

1. Nf3 f5 2. g3 Nf6 3. d4 e6 4. Bg2 d6 5. 0-0 Be7 6. c3 0-0 7. Nbd2 Qe8 8. Re1 Nbd7 9. e4 fxe4 10. Nxe4 Rb8 11. Neg5 e5 12. dxe5 dxe5 13. Qb3+ Kh8 14. Nxe5 Nxe5 15. Rxe5 Ng4 16. Qc2 Qh5 17. Rxe7 Qxh2+ 18. Kf1 Bf5 19. Qe2 Bd3 0-1

[Event "Valby K41 Autumn-C"]
[Site "Valby"]
[Date "2006.09.12"]
[Round "1"]
[White "Mikkelsen, Henning Peter"]
[Black "Gjelstrup, Ole"]
[Result "1-0"]
[WhiteElo "1385"]
[BlackElo "1330"]
[PlyCount "65"]
[EventDate "2006.09.12"]
[EventType "tourn"]
[EventRounds "7"]
[EventCountry "DEN"]
[SourceTitle "EXT 2023"]
[Source "ChessBase"]
[SourceDate "2022.10.05"]
[SourceVersion "1"]
[SourceVersionDate "2022.10.05"]
[SourceQuality "1"]

1. d4 d5 2. e4 dxe4 3. Nc3 Nf6 4. f3 Bf5 5. Bg5 exf3 6. Qxf3 Bxc2 7. Qxb7 Nbd7 8. Nb5 Rc8 9. Bc4 e6 10. Nf3 Bb4+ 11. Kf2 Be7 12. Bf4 Ne4+ 13. Kf1 Nd6 14. Qc6 0-0 15. b3 Be4 16. Qa6 Nxc4 17. bxc4 Bd3+ 18. Kf2 Bxc4 19. Qa4 Nb6 20. Qa5 Bxb5 21. Qxb5 c5 22. Rhd1 cxd4 23. Qh5 Qd5 24. Qg4 Bf6 25. h4 Rc2+ 26. Kg3 e5 27. Bh6 e4 28. Nxd4 Bxd4 29. Bxg7 Rxg2+ 30. Kxg2 e3+ 31. Kh2 Bxg7 32. Rxd5 Nxd5 33. Rg1 1-0